00453nam a2200157Ia 4500008004100000020001500041040001100056050001000067245006400077260003100141300002400172490003600196650002600232700002000258999001700278 1974 a ef | 1 |engdd a083910622X aABU,Za aQK882 0aSelected papers in biochemistry /cedited by Atusi Takamiya aBaltimorebPark U.P.c1974 axviii, 470p.: ills. aSelected papers in biochemistry aBotany;Photosynthesis aTakamiya, Atusi c37848d37848